| 000 | 01056nam a22002537a 4500 | ||
|---|---|---|---|
| 999 |
_c14081 _d14081 |
||
| 003 | EG-ScBUE | ||
| 005 | 20210206093523.0 | ||
| 008 | 100614s ua f 000 p ara d | ||
| 040 |
_aEG-ScBUE _bara _erda _cEG-ScBUE _dEG-ScBUE |
||
| 082 | 0 | 4 |
_a892.715 _bش ر ن _222 |
| 100 | 1 |
_914737 _aالشرنوبي، صالح، _d1924-1951، _eمؤلف. |
|
| 245 | 1 | 0 |
_aديوان صالح الشرنوبي / _cتحقيق د. عبد الحي دياب ؛ مراجعة د. أحمد كمال زكي. |
| 264 | 1 |
_aالقاهرة : _bدار الكاتب العربي، _c[تاريخ النشر غير معرف] |
|
| 300 |
_a675 صفحة ؛ _c32 سم |
||
| 336 |
_2rdacontent _aنص _btxt |
||
| 337 |
_2rdamedia _aبدون وسيط _bn |
||
| 338 |
_2rdacarrier _aمجلد _bnc |
||
| 650 | 7 |
_98538 _aالشعر العربي _xدواوين وقصائد. _2BUEsh |
|
| 653 |
_bARALIT _cFebruary2021 |
||
| 655 |
_vReading book _934232 |
||
| 700 | 1 |
_914735 _aدياب، عبد الحي، _eمحقق. |
|
| 700 | 1 |
_914736 _aزكي، أحمد كمال، _eمراجع. |
|
| 942 |
_2ddc _cBB |
||